00757nam a22002057a 450000500170000001000150001702000260003203500140005803700090007208200110008110000220009224500690011425000060018326000450018927001050023430000210033994200220036099900190038295201500040120241003171245.0 aENG-141894 a9789386265378c895.00 aEN-125426 bDBAD a92121 aS.N. Singh972347 aGreat Nationalist of India:bJayaprakash Narayan/cBy S.N. Singh a1 aNew DelhibShri Sai Printographersc2022 a102, 4787/23, Ansari Road DaryaganjbNew Delhie110002k01123246222mshrisaiprintographers@gmail.com a,171p.c22cm(hb) 2ddccENmSNSh921 c206090d206090 001040708NFICaLbLd2024-10-03eDelivery of Books Act Divisiong895.00l0oSNS 921pEN-125426r2024-10-03 00:00:00t1v895.00w2024-10-03yEN